[Event "Welcome Tournament For New Players"]
[Site "SchemingMind.com"]
[Date "2005.08.02"]
[Round "-"]
[White "david gauci"]
[Black "Aumonde"]
[Result "0-1"]
[WhiteCountry "MLT"]
[BlackCountry "USA"]
[WhiteElo "1188"]
[WhiteRD "170"]
[BlackElo "2122"]
[BlackRD "72"]
[GameID "21154"]

1. c4 Nf6 2. Nf3 c6 3. Nc3 d5 4. Ne5 d4 5. Na4 Qd6 6. f4 b5 7. c5 Qd5 8. Qb3 e6 9. Qxd5 Nxd5 10. b3 bxa4
11. bxa4 Nxf4 12. Bb2 f6 13. Bxd4 fxe5 14. Bxe5 Ng6 15. Bd6 Bxd6 16. cxd6 O-O 17. g3 Bd7 18. O-O-O a5 19. e3 Na6 20. Bxa6 Rxa6
21. Rdf1 Rb6 22. Rxf8+ Kxf8 23. Rf1+ Ke8 24. h4 h5 25. Rg1 Rb4 26. d3 Rxa4 27. Kb2 Ne5 28. Kb3 c5 29. Rc1 Nxd3 30. Rc4 Rb4+
31. Rxb4 cxb4 32. Kc4 Nc1 33. Kd4 Nxa2 34. Kc4 a4 35. Kc5 b3 36. Kd4 b2 37. Kc5 b1=Q 38. Kd4 Qb3 39. Ke4 Qd5+ 40. Kf4 Qf5#
0-1

[Event "Welcome Tournament For New Players"]
[Site "SchemingMind.com"]
[Date "2005.08.02"]
[Round "-"]
[White "Aumonde"]
[Black "david gauci"]
[Result "1-0"]
[WhiteCountry "USA"]
[BlackCountry "MLT"]
[WhiteElo "2122"]
[WhiteRD "72"]
[BlackElo "1188"]
[BlackRD "170"]
[GameID "21155"]

1. e4 e5 2. f4 d6 3. d3 Nf6 4. Nf3 Nc6 5. Be2 Be7 6. Nc3 h6 7. d4 Bg4 8. d5 O-O 9. dxc6 bxc6 10. fxe5 dxe5
11. Qxd8 Raxd8 12. Nxe5 Bxe2 13. Nxc6 Rd1+ 14. Nxd1 Bxd1 15. Nxe7+ Kh7 16. Kxd1 Rd8+ 17. Ke2 Nxe4 18. Nc6 Ra8 19. Be3 a5 20. Kd3 Nd6
21. Rhf1 f6 22. a4 Ra6 23. Ne7 Ne8 24. Rae1 Rd6+ 25. Kc3 Re6 26. Bd2 Rxe1 27. Rxe1 c5 28. Kc4 Nc7 29. Bxa5 Na6 30. Rd1 h5
31. Rd6 Nb8 32. Bc7 f5 33. Bxb8 g5 34. Rg6 g4 35. Be5 f4 36. Rg7+ Kh6 37. Nf5#
1-0

[Event "Welcome Tournament For New Players"]
[Site "SchemingMind.com"]
[Date "2005.08.02"]
[Round "-"]
[White "DFinch"]
[Black "Aumonde"]
[Result "0-1"]
[WhiteCountry "USA"]
[BlackCountry "USA"]
[WhiteElo "1640"]
[WhiteRD "139"]
[BlackElo "2122"]
[BlackRD "72"]
[GameID "21160"]

1. b3 d5 2. Bb2 Bg4 3. g3 e6 4. Bg2 Nd7 5. Nf3 Ngf6 6. c4 Bb4 7. O-O O-O 8. Nc3 c5 9. cxd5 exd5 10. d4 Rc8
11. dxc5 Rxc5 12. Na4 Rc8 13. a3 Be7 14. Qd3 Bd6
0-1

[Event "Welcome Tournament For New Players"]
[Site "SchemingMind.com"]
[Date "2005.08.02"]
[Round "-"]
[White "DFinch"]
[Black "david gauci"]
[Result "1-0"]
[WhiteCountry "USA"]
[BlackCountry "MLT"]
[WhiteElo "1921"]
[WhiteRD "231"]
[BlackElo "1120"]
[BlackRD "184"]
[GameID "21161"]

1. b3 e5 2. Bb2 Nc6 3. e3 Nf6 4. Bb5 d6 5. Ne2 Bd7 6. O-O Ng4 7. h3 a6 8. Bxc6 Bxc6 9. hxg4 Bxg2 10. Kxg2 Qg5
11. Ng3 d5 12. f4 exf4 13. exf4 Qe7 14. Re1 Qxe1 15. Qxe1+ Be7 16. Nf5 f6 17. Qxe7#
1-0

[Event "Welcome Tournament For New Players"]
[Site "SchemingMind.com"]
[Date "2005.08.02"]
[Round "-"]
[White "Aumonde"]
[Black "DFinch"]
[Result "1-0"]
[WhiteCountry "USA"]
[BlackCountry "USA"]
[WhiteElo "2122"]
[WhiteRD "72"]
[BlackElo "1640"]
[BlackRD "139"]
[GameID "21162"]

1. d4 Nf6 2. c4 e6 3. Nc3 Bb4 4. Qc2 c5 5. dxc5 O-O 6. Bf4 Na6 7. e3 Nxc5 8. a3 Bxc3+ 9. Qxc3 d6 10. f3 e5
11. Bg3 b5 12. Rd1 Qb6 13. Qd2 Nb3 14. Qxd6
1-0

[Event "Welcome Tournament For New Players"]
[Site "SchemingMind.com"]
[Date "2005.08.02"]
[Round "-"]
[White "david gauci"]
[Black "DFinch"]
[Result "0-1"]
[WhiteCountry "MLT"]
[BlackCountry "USA"]
[WhiteElo "1120"]
[WhiteRD "184"]
[BlackElo "1921"]
[BlackRD "231"]
[GameID "21163"]

1. d4 Nf6 2. c4 c5 3. Nc3 cxd4 4. Qxd4 Nc6 5. Qd1 d6 6. h3 g6 7. Nf3 Bg7 8. e4 O-O 9. g4 Nd7 10. Be3 Qa5
11. Qd2 Nc5 12. Bh6 Nxe4 13. Nxe4 Bxh6 14. Qxa5 Nxa5 15. g5 Bg7 16. Rb1 Bf5 17. Bd3 Nxc4 18. b3 Ne5 19. Nxe5 Bxe5 20. f3 Rac8
21. Nxd6 Bxd6 22. Bxf5 gxf5 23. Rg1 Rc2 24. Kd1 Rfc8 25. Rc1 Rxc1+ 26. Ke2 Rxg1 27. Kd3 Rxg5 28. h4 Rh5 29. Ke2 Rxh4 30. Kf2 Rh2+
31. Ke3 Be5 32. Kd3 Rc3#
0-1

[Event "Welcome Tournament For New Players"]
[Site "SchemingMind.com"]
[Date "2005.08.04"]
[Round "-"]
[White "harsh"]
[Black "Aumonde"]
[Result "0-1"]
[WhiteCountry "IND"]
[BlackCountry "USA"]
[WhiteElo "1954"]
[WhiteRD "124"]
[BlackElo "2122"]
[BlackRD "72"]
[GameID "21354"]

1. e4 e5 2. Nf3 Nc6 3. Bb5 Bc5 4. c3 Nf6 5. Bxc6 dxc6 6. Nxe5 Nxe4 7. d4 Be7 8. O-O O-O 9. Re1 Nd6 10. Nd2 Re8
11. Ne4 Nxe4 12. Rxe4 Qd5 13. Qe2 Bf5 14. Rf4 Be6 15. Qf3 f6 16. Nd3 Bd6 17. Qd1 Bxf4 18. Bxf4 Rac8 19. Nc5 Bf7 20. Qg4 Qxa2
21. Rd1 Qxb2 22. Bh6 Bg6 23. h4 gxh6 24. h5 f5 25. Qg3 Qe2
0-1

[Event "Welcome Tournament For New Players"]
[Site "SchemingMind.com"]
[Date "2005.08.04"]
[Round "-"]
[White "harsh"]
[Black "david gauci"]
[Result "1-0"]
[WhiteCountry "IND"]
[BlackCountry "MLT"]
[WhiteElo "1919"]
[WhiteRD "114"]
[BlackElo "1151"]
[BlackRD "160"]
[GameID "21355"]

1. Nf3 Nc6 2. c4 e5 3. Nc3 Nf6 4. d3 Bc5 5. g3 Ng4 6. e3 O-O 7. Bg2 d6 8. O-O Nf6 9. d4 Bb4 10. Qc2 d5
11. cxd5 Bxc3 12. bxc3 e4 13. dxc6 bxc6 14. Ne5 Qe8 15. Ba3 Ba6 16. Bxf8 Bxf1 17. Bxg7 Kxg7 18. Rxf1 Kg8 19. Bxe4 Rb8 20. g4 Nxe4
21. Qxe4 Rb2 22. Qf5 Rxa2 23. Nd7 Kh8 24. Nf6 Rb2 25. Qxh7#
1-0

[Event "Welcome Tournament For New Players"]
[Site "SchemingMind.com"]
[Date "2005.08.03"]
[Round "-"]
[White "Aumonde"]
[Black "harsh"]
[Result "1/2-1/2"]
[WhiteCountry "USA"]
[BlackCountry "IND"]
[WhiteElo "2145"]
[WhiteRD "64"]
[BlackElo "1988"]
[BlackRD "94"]
[GameID "21357"]

1. e4 e5 2. Nf3 Nc6 3. Bb5 a6 4. Bxc6 dxc6 5. d3 Bd6 6. Nbd2 Nf6 7. Nc4 Qe7 8. O-O O-O 9. Bg5 b5 10. Ncxe5 Bxe5
11. d4 Bxh2+ 12. Nxh2 Qxe4 13. Bxf6 gxf6 14. Re1 Qd5 15. c3 Bf5 16. Ng4 Bxg4 17. Qxg4+ Kh8 18. Qh4 Qd6 19. Re3 Rg8 20. Rae1 Rg6
21. Re7 Rag8 22. g3 Rg4 23. Qh1 R4g7 24. Kf1 Rd8 25. Qh5 Rf8 26. R1e2 Kg8 27. Qh3 c5 28. Rd7 Qb6 29. Ree7 cxd4 30. cxd4 Rg5
31. f4 Rg6 32. Qh5 b4 33. Kf2 c6 34. Qf3 Qa5 35. Qxc6 Qxa2 36. Qc2 Rh6 37. Kf3 Rh1 38. Kg4 Qb1 39. Qxb1 Rxb1 40. Re2 b3
41. Rd6 Rd1 42. Rxa6 Rxd4 43. Rxf6 Rd3 44. Rb6 Rfd8 45. Re5 R8d6 46. Rxd6 Rxd6 47. Re3 Rb6 48. Kf5 Kg7 49. g4 h6 50. Rd3 Rb4
51. Rd5 Rb6 52. Ke4 Rb4+ 53. Ke5 Kg6 54. Rd6+ Kg7 55. Kf5 Rb5+ 56. Ke4 Rb4+ 57. Ke5 Rb5+ 58. Kd4 Rb4+ 59. Ke3 Kh7 60. Rf6 Kg7
61. Rc6 Kh7 62. Kf3 Kg7 63. Ra6 Kh7 64. Rf6 Kg7= 65. Rc6 Kh7 66. Ke3 Kg7 67. Ra6 Kh7 68. Kf3 Kg7 69. Rd6 Kh7 70. Ke3=
1/2-1/2

[Event "Welcome Tournament For New Players"]
[Site "SchemingMind.com"]
[Date "2005.08.04"]
[Round "-"]
[White "david gauci"]
[Black "harsh"]
[Result "0-1"]
[WhiteCountry "MLT"]
[BlackCountry "IND"]
[WhiteElo "1188"]
[WhiteRD "170"]
[BlackElo "1954"]
[BlackRD "124"]
[GameID "21358"]

1. e4 e5 2. Nf3 Nc6 3. Bc4 Nf6 4. O-O Bc5 5. Ng5 O-O 6. h3 a6 7. Be2 h6 8. Nf3 Nxe4 9. d4 Nxd4 10. Nxd4 Bxd4
11. Bf3 f5 12. Bh5 Qh4 13. Qf3 Ng3 14. Qd5+ Kh7 15. Re1 Nxh5 16. c3 Qxf2+ 17. Kh1 Qxe1+ 18. Kh2 Qg1#
0-1

[Event "Welcome Tournament For New Players"]
[Site "SchemingMind.com"]
[Date "2005.08.04"]
[Round "-"]
[White "DFinch"]
[Black "harsh"]
[Result "0-1"]
[WhiteCountry "USA"]
[BlackCountry "IND"]
[WhiteElo "1640"]
[WhiteRD "139"]
[BlackElo "1954"]
[BlackRD "124"]
[GameID "21359"]

1. e4 c5 2. Nf3 e6 3. d4 cxd4 4. Nxd4 Nf6 5. Nc3 Nc6 6. Ndb5 Bb4 7. a3 Bxc3+ 8. Nxc3 O-O 9. Qd6 a6 10. Bg5 h6
11. Be3 Ne8
0-1

[Event "Welcome Tournament For New Players"]
[Site "SchemingMind.com"]
[Date "2005.08.05"]
[Round "-"]
[White "mmilano"]
[Black "Aumonde"]
[Result "1/2-1/2"]
[WhiteCountry "VEN"]
[BlackCountry "USA"]
[WhiteElo "1896"]
[WhiteRD "100"]
[BlackElo "2145"]
[BlackRD "64"]
[GameID "21528"]

1. e4 c6 2. d4 d5 3. exd5 cxd5 4. c4 Nf6 5. Nc3 g6 6. Qb3 Bg7 7. cxd5 O-O 8. Be2 Nbd7 9. Bf3 Nb6 10. Nge2 Bf5
11. d6 exd6 12. Bxb7 Rb8 13. Bf3 Nbd5 14. Qd1 Nxc3 15. Nxc3 Re8+ 16. Be3 Rxb2 17. O-O Qa5 18. Rc1 Rc8 19. Ne4 Nxe4 20. Bxe4 Rxa2
21. Bxf5 Qxf5 22. Qb3 Re2 23. Rxc8+ Qxc8 24. Qa3 Qc7 25. h3 Qb8 26. Rc1 Bf8 27. Qa6 Qb2 28. Rc8 Kg7 29. Qxa7 Qa2 30. Qd7 Qe6
31. Qxe6 fxe6 32. Rc7+ Kg8 33. Kh2 Rb2 34. Kg3 Rb4 35. Kf3 Bg7 36. Rd7 d5 37. Re7 Bxd4 38. Rxe6 Bg7 39. Re7 d4 40. Re4 Rb3
41. h4 Bf6 42. h5 gxh5 43. Kf4 dxe3 44. Rxe3 Rb2 45. Kf5 Rxf2+ 46. Rf3 Rxg2 47. Kxf6 h4 48. Ra3 h5 49. Rb3 Kh7 50. Rf3 Rg3
51. Rf2 Kh6 52. Kf5 h3 53. Kf4 Rg4+ 54. Kf3 Kg5 55. Rh2= Kh4 56. Rf2 Rg3+ 57. Kf4 Rg5 58. Kf3 Rg4 59. Ke2 Kg3 60. Rf3+ Kg2
61. Rf2+ Kh1 62. Rf1+ Rg1 63. Rf5 h4 64. Rh5 h2 65. Kf2 Rg2+=
1/2-1/2

[Event "Welcome Tournament For New Players"]
[Site "SchemingMind.com"]
[Date "2005.08.05"]
[Round "-"]
[White "mmilano"]
[Black "harsh"]
[Result "0-1"]
[WhiteCountry "VEN"]
[BlackCountry "IND"]
[WhiteElo "1932"]
[WhiteRD "134"]
[BlackElo "2015"]
[BlackRD "92"]
[GameID "21529"]

1. e4 c5 2. Nf3 Nc6 3. d4 cxd4 4. Nxd4 Nf6 5. Nc3 e5 6. Ndb5 d6 7. Bg5 a6 8. Na3 Be7 9. Nc4 Nd4 10. Ne3 O-O
11. Bxf6 Bxf6 12. Ncd5 Bg5 13. c3 Bxe3 14. Nxe3 Nc6 15. Bc4 Kh8 16. Qf3 Ne7 17. g4 b5 18. Bb3 Ng6 19. O-O-O Nf4 20. Nd5 Nxd5
21. Bxd5 Rb8 22. h4 a5 23. Kb1 b4 24. c4 a4 25. g5 b3 26. a3 Bb7 27. Rd3 Bxd5 28. Rxd5 Qc7 29. Qd3 Rb6 30. Rd1 Rc8
31. Rxd6 Rxd6 32. Qxd6 Qxd6 33. Rxd6 g6 34. Rd5 Rxc4 35. Rxe5 Rc2 36. Ra5 Rxf2 37. Kc1 Rc2+ 38. Kb1 Re2 39. Kc1 Rxe4 40. Kd2 Rxh4
41. Kc3 Kg7 42. Rb5 h5 43. gxh6+ Kxh6 44. Rb4 g5 45. Kd3 f5 46. Ke3 Rxb4 47. axb4 a3
0-1

[Event "Welcome Tournament For New Players"]
[Site "SchemingMind.com"]
[Date "2005.08.05"]
[Round "-"]
[White "mmilano"]
[Black "david gauci"]
[Result "1-0"]
[WhiteCountry "VEN"]
[BlackCountry "MLT"]
[WhiteElo "1853"]
[WhiteRD "226"]
[BlackElo "1120"]
[BlackRD "184"]
[GameID "21530"]

1. d4 d5 2. Nf3 Nc6 3. g3 g6 4. Bg2 Nf6 5. O-O Bg7 6. b3 O-O 7. Bb2 b6 8. c4 dxc4 9. bxc4 Ng4 10. h3 Nf6
11. Ne5 Nxe5 12. dxe5 Qxd1 13. Rxd1 Rb8 14. exf6 exf6 15. Nc3 Ba6 16. Nd5 h5 17. Rac1 c6 18. Nxf6+ Bxf6 19. Bxf6 Rfe8 20. e3 b5
21. c5 Re6 22. Rd6 Rxd6 23. cxd6 Kh7 24. d7 Bb7 25. Rd1 Kg8 26. d8=Q+ Rxd8 27. Rxd8+ Kh7 28. Rh8#
1-0

[Event "Welcome Tournament For New Players"]
[Site "SchemingMind.com"]
[Date "2005.08.06"]
[Round "-"]
[White "Aumonde"]
[Black "mmilano"]
[Result "1-0"]
[WhiteCountry "USA"]
[BlackCountry "VEN"]
[WhiteElo "2144"]
[WhiteRD "76"]
[BlackElo "1986"]
[BlackRD "139"]
[GameID "21532"]

1. d4 Nf6 2. c4 e6 3. Nf3 Bb4+ 4. Bd2 Qe7 5. g3 Nc6 6. Bg2 O-O 7. a3 Bxd2+ 8. Nbxd2 d6 9. O-O a5 10. e4 e5
11. d5 Nb8 12. b4 Na6 13. Qb3 c6 14. Rfe1 Bd7 15. h3 axb4 16. axb4 c5 17. b5 Nb4 18. Red1 h6 19. Re1 Nh7 20. Qc3 f5
21. Nh4 Qf6 22. Rxa8 Rxa8 23. Ra1 Rf8 24. Ra7 Bc8 25. exf5 Bxf5 26. Nxf5 Qxf5 27. f4 exf4 28. Rxb7 Nf6 29. Ne4 fxg3 30. Qxg3 Nh5
31. Qxd6 Nf4 32. Rb8 Rxb8 33. Qxb8+ Kh7 34. Ng3 Qb1+ 35. Bf1 Nbd3 36. Qe8 Nxh3+ 37. Kh2 Ng5 38. Kh1 Nf2+ 39. Kg2 Ng4 40. Qe2 Nf6=
41. Qd3+ Qxd3 42. Bxd3+ Kg8 43. Bf5 Nf7 44. b6 Nd6 45. Be6+ Kf8 46. Nf5 Nfe8 47. Bd7 Nb7 48. Bc6
1-0

[Event "Welcome Tournament For New Players"]
[Site "SchemingMind.com"]
[Date "2005.08.06"]
[Round "-"]
[White "harsh"]
[Black "mmilano"]
[Result "0-1"]
[WhiteCountry "IND"]
[BlackCountry "VEN"]
[WhiteElo "1919"]
[WhiteRD "114"]
[BlackElo "1986"]
[BlackRD "139"]
[GameID "21533"]

1. e4 e5 2. Nf3 d6 3. d4 exd4 4. Bc4 Be7 5. c3 Nf6 6. Qb3 O-O 7. e5 d5 8. exf6 dxc4 9. Qxc4 Bxf6 10. Nxd4 b6
11. O-O Ba6 12. Qa4 Bxf1 13. Kxf1 c5 14. Nf3 Qd3+ 15. Kg1 Nc6 16. Na3 a6 17. Be3 b5 18. Rd1 Qf5 19. Qc2 Qh5 20. h3 Rad8
21. Rxd8 Rxd8 22. Nb1 Ne5 23. Nbd2 h6 24. Kh2 Ng4+ 25. Kg1 Nxe3 26. fxe3 Qd5 27. Kf2 a5 28. a3 b4 29. axb4 axb4 30. Ne4 Be7
31. Ned2 Bg5 32. Nxg5 Qxd2+
0-1

[Event "Welcome Tournament For New Players"]
[Site "SchemingMind.com"]
[Date "2005.08.05"]
[Round "-"]
[White "david gauci"]
[Black "mmilano"]
[Result "0-1"]
[WhiteCountry "MLT"]
[BlackCountry "VEN"]
[WhiteElo "1120"]
[WhiteRD "184"]
[BlackElo "1853"]
[BlackRD "226"]
[GameID "21534"]

1. e4 c5 2. c4 e6 3. Nf3 b6 4. Nc3 Bb7 5. Be2 d6 6. O-O Nf6 7. Qa4+ Bc6 8. Qc2 Nbd7 9. b3 Be7 10. d4 cxd4
11. Nxd4 Bb7 12. f3 a6 13. g4 h6 14. b4 Qc7 15. f4 Rc8 16. b5 a5 17. f5 Nc5 18. fxe6 fxe6 19. a4 O-O 20. Nf3 Ncxe4
21. Nxe4 Bxe4 22. Qd2 Nxg4 23. Bd3 Bxf3 24. Bb2 Qc5+ 25. Rf2 Bh4 26. Bh7+ Kxh7 27. Qd3+ Rf5 28. Bd4 Bxf2+ 29. Kf1 Bxd4 30. Re1 Be4+
31. Ke2 Rf2+ 32. Kd1 Bxd3 33. Rxe6 Bc2+ 34. Kc1 Qa3#
0-1

[Event "Welcome Tournament For New Players"]
[Site "SchemingMind.com"]
[Date "2005.08.05"]
[Round "-"]
[White "DFinch"]
[Black "mmilano"]
[Result "0-1"]
[WhiteCountry "USA"]
[BlackCountry "VEN"]
[WhiteElo "1640"]
[WhiteRD "139"]
[BlackElo "2031"]
[BlackRD "185"]
[GameID "21535"]

1. e4 c5 2. Nf3 d6 3. d4 cxd4 4. Nxd4 Nf6 5. Nc3 a6 6. Be3 e6 7. g4 h6 8. Qf3 Nbd7 9. Rg1 g5 10. O-O-O Ne5
11. Qe2 Bd7
0-1

[Event "Welcome Tournament For New Players"]
[Site "SchemingMind.com"]
[Date "2005.08.06"]
[Round "-"]
[White "lollipophugo"]
[Black "Aumonde"]
[Result "0-1"]
[WhiteCountry "AUS"]
[BlackCountry "USA"]
[WhiteElo "1602"]
[WhiteRD "212"]
[BlackElo "2080"]
[BlackRD "75"]
[GameID "21549"]

1. d4 d5 2. c4 e6 3. Nc3 Nf6 4. Bg5 Be7 5. Nf3 O-O 6. e3 Nbd7 7. Rc1 a6 8. Bd3 dxc4 9. Bxc4 b5 10. Bd3 c5
11. Ne4 cxd4 12. Nxd4 Qa5+ 13. Nc3 b4 14. Nb3 Qxg5
0-1

[Event "Welcome Tournament For New Players"]
[Site "SchemingMind.com"]
[Date "2005.08.06"]
[Round "-"]
[White "lollipophugo"]
[Black "harsh"]
[Result "0-1"]
[WhiteCountry "AUS"]
[BlackCountry "IND"]
[WhiteElo "1575"]
[WhiteRD "153"]
[BlackElo "1954"]
[BlackRD "124"]
[GameID "21550"]

1. d4 Nf6 2. c4 e6 3. Nc3 c5 4. d5 exd5 5. cxd5 d6 6. e4 Nbd7 7. Nf3 g6 8. Bd3 a6 9. a4 Bg7 10. O-O O-O
11. Re1 Ng4 12. h3 Nge5 13. Nxe5 Nxe5 14. f4 Nxd3 15. Qxd3 Re8 16. Bd2 f5 17. Qc2 Qh4 18. Re2 Bd4+ 19. Kh1 fxe4 20. Rxe4 Bxh3
21. Be3 Bf5+
0-1

[Event "Welcome Tournament For New Players"]
[Site "SchemingMind.com"]
[Date "2005.08.06"]
[Round "-"]
[White "lollipophugo"]
[Black "david gauci"]
[Result "1-0"]
[WhiteCountry "AUS"]
[BlackCountry "MLT"]
[WhiteElo "1602"]
[WhiteRD "212"]
[BlackElo "1120"]
[BlackRD "184"]
[GameID "21551"]

1. d4 d5 2. c4 e6 3. Nc3 dxc4 4. e4 Nc6 5. Nf3 Na5 6. Qa4+ c6 7. Bxc4 b5 8. Nxb5 cxb5 9. Bxb5+ Bd7 10. Bxd7+ Qxd7
11. Qxa5 Nf6 12. e5 Ne4 13. O-O Be7 14. Be3 O-O 15. Rac1 Rfc8 16. Rxc8+ Rxc8 17. Rc1 Rxc1+ 18. Bxc1 g5 19. Qe1 Qd5 20. b3 g4
21. Nd2 Nxf2 22. Qxf2 h5 23. Nc4 h4 24. Be3 f5 25. Qf4 h3 26. gxh3 gxh3 27. Qg3+ Kf7 28. Qxh3 Qe4 29. Qh5+ Kf8 30. Bh6+ Kg8
31. Qg6+ Kh8 32. Qg7#
1-0

[Event "Welcome Tournament For New Players"]
[Site "SchemingMind.com"]
[Date "2005.08.06"]
[Round "-"]
[White "lollipophugo"]
[Black "DFinch"]
[Result "1-0"]
[WhiteCountry "AUS"]
[BlackCountry "USA"]
[WhiteElo "1423"]
[WhiteRD "125"]
[BlackElo "1584"]
[BlackRD "143"]
[GameID "21552"]

1. d4 Nf6 2. c4 e6 3. Nc3 Bb4 4. e3 Bxc3+ 5. bxc3 b6 6. Nf3 Bb7 7. Be2 O-O 8. O-O d6 9. Qc2 c5 10. Bb2 Nc6
11. Rfd1 Qe7 12. d5
1-0

[Event "Welcome Tournament For New Players"]
[Site "SchemingMind.com"]
[Date "2005.08.06"]
[Round "-"]
[White "lollipophugo"]
[Black "mmilano"]
[Result "0-1"]
[WhiteCountry "AUS"]
[BlackCountry "VEN"]
[WhiteElo "1555"]
[WhiteRD "149"]
[BlackElo "1986"]
[BlackRD "139"]
[GameID "21553"]

1. d4 Nf6 2. c4 e6 3. Nc3 Bb4 4. e3 b6 5. Nf3 Bb7 6. Be2 Ne4 7. Qb3 Bxc3+ 8. bxc3 c5 9. Ba3 d6 10. O-O O-O
11. Rad1 Qe7 12. d5 e5 13. Bd3 Ng5 14. Nxg5 Qxg5 15. Bc1 f5 16. e4 f4 17. f3 Nd7 18. a4 a5 19. Bd2 Qe7 20. Rb1 Kh8
21. Qc2 Rf6 22. Rb3 Rg8 23. Be1 g5 24. Qb2 Rfg6 25. Bf2 g4 26. g3 gxf3 27. Kh1 Bc8 28. gxf4 exf4 29. e5 Rg2
0-1

[Event "Welcome Tournament For New Players"]
[Site "SchemingMind.com"]
[Date "2005.08.06"]
[Round "-"]
[White "harsh"]
[Black "lollipophugo"]
[Result "1-0"]
[WhiteCountry "IND"]
[BlackCountry "AUS"]
[WhiteElo "2015"]
[WhiteRD "92"]
[BlackElo "1423"]
[BlackRD "121"]
[GameID "21555"]

1. e4 e5 2. Nf3 Nc6 3. Bb5 Nf6 4. O-O Bc5 5. c3 O-O 6. d4 Bb6 7. Bg5 h6 8. Bxh6 gxh6 9. Nxe5 Nxe5 10. dxe5 Nh7
11. Nd2 d6 12. exd6 Qxd6 13. Qc2 c6 14. Bd3 Bc7 15. e5 Qxe5 16. Bxh7+ Kh8 17. Nf3 Qg7 18. Bf5 Rg8 19. g3 Qf6 20. Bxc8 Qxf3
21. Bh3 Rg7 22. Rad1 Rag8 23. Rd3 Qe4 24. Qd2 Bb6 25. Qxh6+ Rh7 26. Qf6+
1-0

[Event "Welcome Tournament For New Players"]
[Site "SchemingMind.com"]
[Date "2005.08.06"]
[Round "-"]
[White "david gauci"]
[Black "lollipophugo"]
[Result "0-1"]
[WhiteCountry "MLT"]
[BlackCountry "AUS"]
[WhiteElo "1120"]
[WhiteRD "184"]
[BlackElo "1602"]
[BlackRD "212"]
[GameID "21556"]

1. c4 Nf6 2. Nc3 g6 3. e3 Bg7 4. d4 d5 5. c5 b6 6. Bb5+ c6 7. Bd3 O-O 8. h3 Nbd7 9. Nf3 bxc5 10. Qa4 Qb6
11. O-O c4 12. Bxc4 dxc4 13. Qxc4 Ba6 14. Qb3 Qxb3 15. axb3 Bxf1 16. Kxf1 Rfb8 17. Ra3 Rb7 18. Ne5 Rab8 19. Nxc6 Re8 20. d5 Bf8
21. Na5 Rbb8 22. Nc4 e6 23. d6 Nc5 24. Na5 Bxd6 25. Nc4 Be7 26. Na4 Nd3 27. Bd2 Bxa3 28. bxa3 Rxb3 29. Bb4 Nxb4 30. axb4 Rxb4
31. Nd6 Rxa4 32. Nxe8 Nxe8 33. f4 Ra2 34. g4 a5 35. Ke1 Nd6 36. Kd1 a4 37. Kc1 a3 38. Kb1 Rb2+ 39. Ka1 Nc4 40. e4 Nd2
41. f5 Nb3#
0-1

[Event "Welcome Tournament For New Players"]
[Site "SchemingMind.com"]
[Date "2005.08.06"]
[Round "-"]
[White "DFinch"]
[Black "lollipophugo"]
[Result "0-1"]
[WhiteCountry "USA"]
[BlackCountry "AUS"]
[WhiteElo "1584"]
[WhiteRD "143"]
[BlackElo "1423"]
[BlackRD "125"]
[GameID "21557"]

1. e4 e5 2. Bc4 Bc5 3. Nc3 Nf6 4. f4 exf4 5. d4 Bb4 6. Nf3 Nxe4 7. O-O Nxc3 8. bxc3 Bxc3 9. Rb1 d5 10. Bd3 Nc6
11. Ba3 b6
0-1

[Event "Welcome Tournament For New Players"]
[Site "SchemingMind.com"]
[Date "2005.08.06"]
[Round "-"]
[White "mmilano"]
[Black "lollipophugo"]
[Result "1-0"]
[WhiteCountry "VEN"]
[BlackCountry "AUS"]
[WhiteElo "1986"]
[WhiteRD "139"]
[BlackElo "1555"]
[BlackRD "149"]
[GameID "21558"]

1. e4 e5 2. Nf3 Nc6 3. Bc4 Bc5 4. c3 Nf6 5. d4 exd4 6. cxd4 Bb4+ 7. Nc3 Nxe4 8. O-O Bxc3 9. d5 Bf6 10. Re1 Ne7
11. Rxe4 d6 12. Ng5 h6 13. Nf3 O-O 14. h3 Bf5 15. Re2 Re8 16. Bf4 Ng6 17. Be3 Be4 18. Nd2 Bf5 19. Qb3 Rb8 20. Bxa7 Ra8
21. Be3 b6 22. Rae1 Ne5 23. Bb5 Bd7 24. a3 Re7 25. Nc4 Bxb5 26. Qxb5 Qd7 27. Qb3 Nxc4 28. Qxc4 Rae8 29. Rc2 Bg5 30. Rce2
1-0